Prejavy tieňovej ekonomiky v Taliansku diplomová práca

Gespeichert in:
Bibliographische Detailangaben
1. Verfasser: Lenzová, Jana
Körperschaft: Ekonomická univerzita v Bratislave. Fakulta medzinárodných vzťahov
Weitere Verfasser: Hniličan, Vladimír
Format: Buch
Sprache:Slowakisch
Veröffentlicht: Bratislava 2010
Tags: Tag hinzufügen
Keine Tags, Fügen Sie das erste Tag hinzu!

MARC

LEADER 00000nam a2200000 4500
001 0122043
005 20240318123211.1
041 0 |a slo 
044 |a SK 
245 1 0 |a Prejavy tieňovej ekonomiky v Taliansku  |b diplomová práca  |c Jana Lenzová ; škol. Vladimír Hniličan 
264 1 |a Bratislava  |c 2010 
300 |a 57 s. 
100 1 |a Lenzová, Jana 
700 1 |a Hniličan, Vladimír 
710 2 |a Ekonomická univerzita v Bratislave. Fakulta medzinárodných vzťahov